Inovácie vo firmách dostanú domáci aj európsky stimul

Na priemyselný výskum a experimentálny vývoj by malo pritiecť vyše 200 miliónov eur z eurofondov. O nenávratný finančný príspevok môžu požiadať všetky typy firiem, veľké spoločnosti však musia do inovačných aktivít zapojiť aj malé a stredné podniky. Firmy by malo motivovať aj zvýšenie daňového super...

Descrizione completa

Salvato in:
Dettagli Bibliografici
Autore principale: Marianyi, Peter
Natura: Capitolo di libro
Lingua:slovacco
Soggetti:
Tags: Aggiungi Tag
Nessun Tag, puoi essere il primo ad aggiungerne!!

MARC

LEADER 00000naa a2200000 4500
001 0234371
005 20170712103809.4
041 0 |a slo 
044 |a SK 
245 1 0 |a Inovácie vo firmách dostanú domáci aj európsky stimul  |c Peter Marianyi 
520 |a Na priemyselný výskum a experimentálny vývoj by malo pritiecť vyše 200 miliónov eur z eurofondov. O nenávratný finančný príspevok môžu požiadať všetky typy firiem, veľké spoločnosti však musia do inovačných aktivít zapojiť aj malé a stredné podniky. Firmy by malo motivovať aj zvýšenie daňového superodpočtu nákladov na vývoj na hranicu 100 percent. 
610 2 0 |a podnik priemyselný 
610 2 0 |a inovácia 
610 2 0 |a stimuly 
610 2 0 |a financie 
100 1 |a Marianyi, Peter